Samvidhanada kalalu: tista setalvad nenapugalu (Record no. 123436)
[ view plain ]
| 000 -LEADER | |
|---|---|
| fixed length control field | 00902nam a2200277Ia 4500 |
| 003 - CONTROL NUMBER IDENTIFIER | |
| control field | OSt |
| 005 - DATE AND TIME OF LATEST TRANSACTION | |
| control field | 20251114155327.0 |
| 008 - FIXED-LENGTH DATA ELEMENTS--GENERAL INFORMATION | |
| fixed length control field | 210210b2019 xxu||||| |||| 00| 0 eng d |
| 020 ## - INTERNATIONAL STANDARD BOOK NUMBER | |
| International Standard Book Number | 9788193966020 |
| 040 ## - CATALOGING SOURCE | |
| Transcribing agency | AL |
| 041 ## - LANGUAGE CODE | |
| Language code of text/sound track or separate title | Kannada |
| 082 ## - DEWEY DECIMAL CLASSIFICATION NUMBER | |
| Classification number | K894.8 TISS |
| 100 ## - MAIN ENTRY--PERSONAL NAME | |
| Personal name | TISTA SETALVAD |
| Dates associated with a name | ತೀಸ್ತಾ ಸೆಟಲ್ವಾಡ್ |
| 9 (RLIN) | 245592 |
| 245 ## - TITLE STATEMENT | |
| Title | Samvidhanada kalalu: tista setalvad nenapugalu |
| Remainder of title | ಸಂವಿಧಾನದ ಕಾಲಾಳು: ತೀಸ್ತಾ ಸೆತಲ್ವಾಡ್ ನೆನಪುಗಳು |
| 260 ## - PUBLICATION, DISTRIBUTION, ETC. | |
| Place of publication, distribution, etc. | Bengaluru |
| Name of publisher, distributor, etc. | - |
| Date of publication, distribution, etc. | 2019 |
| 300 ## - PHYSICAL DESCRIPTION | |
| Extent | xii,256 |
| 650 ## - SUBJECT ADDED ENTRY--TOPICAL TERM | |
| Topical term or geographic name entry element | tista |
| 9 (RLIN) | 245593 |
| 650 ## - SUBJECT ADDED ENTRY--TOPICAL TERM | |
| Topical term or geographic name entry element | setalvad |
| 9 (RLIN) | 245594 |
| 650 ## - SUBJECT ADDED ENTRY--TOPICAL TERM | |
| Topical term or geographic name entry element | Samvidhanada |
| 9 (RLIN) | 245595 |
| 650 ## - SUBJECT ADDED ENTRY--TOPICAL TERM | |
| Topical term or geographic name entry element | nenapugalu |
| 9 (RLIN) | 245596 |
| 650 ## - SUBJECT ADDED ENTRY--TOPICAL TERM | |
| Topical term or geographic name entry element | kalalu |
| 9 (RLIN) | 245597 |
| 690 ## - LOCAL SUBJECT ADDED ENTRY--TOPICAL TERM (OCLC, RLIN) | |
| Topical term or geographic name as entry element | Kannada Miscellaneous |
| 9 (RLIN) | 245598 |
| 700 ## - ADDED ENTRY--PERSONAL NAME | |
| Personal name | Satya S |
| Dates associated with a name | ಸತ್ಯಾ ಎಸ್ |
| 9 (RLIN) | 245599 |
| 906 ## - LOCAL DATA ELEMENT F, LDF (RLIN) | |
| a | 073725 |
| 942 ## - ADDED ENTRY ELEMENTS (KOHA) | |
| Source of classification or shelving scheme | Dewey Decimal Classification |
| Koha item type | Book |
| Withdrawn status | Lost status | Damaged status | Not for loan | Collection code | Home library | Current library | Shelving location | Date acquired | Source of acquisition | Cost, normal purchase price | Total Checkouts | Full call number | Barcode | Date last seen | Price effective from | Koha item type |
|---|---|---|---|---|---|---|---|---|---|---|---|---|---|---|---|---|
| St Aloysius Library | St Aloysius Library | 02/17/2021 | Sapna Book House Pvt Ltd, K S Rao Road, Mangalore | 210.00 | K894.8 TISS | 073725 | 02/17/2021 | 02/17/2021 | Book |